रीतिकालीन नीतिकाव्य में लोक-संस्कृति / (Record no. 52785)

MARC details
000 -LEADER
fixed length control field 01164nam a22002537a 4500
005 - DATE AND TIME OF LATEST TRANSACTION
control field 20080905121451.0
008 - FIXED-LENGTH DATA ELEMENTS--GENERAL INFORMATION
fixed length control field 080905t xxu||||| |||| 00| 0 hin d
010 ## - LCCN (DPL NO)
LC control number HIN-92870
020 ## - INTERNATIONAL STANDARD BOOK NUMBER
Terms of availability 400.00
International Standard Book Number 9788190862349
035 ## - SYSTEM CONTROL NUMBER
System control number HN-65216
037 ## - SOURCE OF ACQUISITION
Source of stock number/acquisition DBAD / PUB
040 ## - CATALOGING SOURCE
Original cataloging agency DPL
Language of cataloging HN
082 ## - DEWEY DECIMAL CLASSIFICATION NUMBER
Classification number 821.08
100 ## - MAIN ENTRY--PERSONAL NAME
Personal name शर्मा, पार्वती
9 (RLIN) 28442
245 ## - TITLE STATEMENT
Title रीतिकालीन नीतिकाव्य में लोक-संस्कृति /
Statement of responsibility, etc पार्वती शर्मा
246 ## - VARYING FORM OF TITLE
Title proper/short title reetikaleen neetikavya mein Lok Sanskriti
Remainder of title by Parvati Sharma
260 ## - PUBLICATION, DISTRIBUTION, ETC. (IMPRINT)
Place of publication, distribution, etc दिल्ली
Name of publisher, distributor, etc उपहार प्रकाशन
Date of publication, distribution, etc 2010
270 ## - ADDRESS
Address ब्लाक 29, म.न.61ए, विश्वास नगर
City दिल्ली
Postal code 110032
300 ## - PHYSICAL DESCRIPTION
Extent 224पृ
Dimensions 22सेमी (सजिल्द)
650 ## - SUBJECT ADDED ENTRY--TOPICAL TERM
9 (RLIN) 28443
650 ## - SUBJECT ADDED ENTRY--TOPICAL TERM
9 (RLIN) 28455
942 ## - ADDED ENTRY ELEMENTS (KOHA)
Institution code [OBSOLETE] dpl
Item type Hindi Books
Source of classification or shelving scheme Dewey Decimal Classification
Call number suffix शर्मापा
Classification part 821.09
Holdings
Withdrawn status Lost status Source of classification or shelving scheme Damaged status Not for loan Collection code Home library Current library Date acquired Source of acquisition Cost, normal purchase price Total Checkouts Full call number Barcode Date last seen Copy number Cost, replacement price Koha item type
    Dewey Decimal Classification   Not For Loan Non-fiction D.B.Act.Division D.B.Act.Division 08/06/2011 DBAD / PUB 400.00   821.09 शर्मापा HN-65216 08/06/2011 1 400.00 Hindi Books

© Delhi Public Library
Hit Counter
free hit counter